000 004540000a22001810004500
003 MACL
005 20151017130331.0
008 151017b xxu||||| |||| 00| 0 eng d
040 _aMACL
_cMACL
041 _aEnglish
082 _a920/SEN
100 _aSen, Asok
_915640
245 _aIswar Chandra Vidyasagar and His Elusive Milestones
260 _bRiddhi India
_c1977
_aCalcutta
350 _a30
650 _aBiography
_915641
942 _cBK
_k920
_2ddc
999 _c6897
_d6897